CS2 - StarLadder Budapest Major 2025 - All teams and players - Statistics

General Stats
  • This quiz has been taken 50 times
  • The average score is 97 of 192
Answer Stats
Hint Answer % Correct
apEX
100%
b1t
100%
br0
100%
broky
100%
flameZ
100%
frozen
100%
iM
100%
jcobbb
100%
karrigan
100%
m0NESY
100%
NiKo
100%
ropz
100%
w0nderful
100%
ZywOo
100%
Aleksib
96%
chopper
96%
donk
96%
5-8th Falcons
96%
FalleN
96%
2nd FaZe
96%
5-8th FURIA
96%
KSCERATO
96%
mezii
96%
molodoy
96%
3-4th Natus Vincere
96%
3-4th Spirit
96%
Twistzz
96%
1st Vitality
96%
YEKINDAR
96%
kyousuke
92%
Maka
92%
5-8th MOUZ
92%
sh1ro
92%
5-8th The MongolZ
92%
yuurih
92%
Brollan
88%
15-16th Liquid
88%
makazze
88%
TeSeS
88%
tN1R
88%
xertioN
88%
zweih
88%
12-14th 3DMAX
84%
910
84%
9-11th G2
84%
Spinx
84%
Techno
84%
torzsi
84%
huNter-
80%
Jimpphat
80%
kyxsan
80%
HeavyGod
76%
mzinho
76%
EliGE
72%
9-11th Passion UA
72%
siuhy
72%
bLitz
68%
malbsMd
68%
17-19th Ninjas in Pyjamas
68%
15-16th PARIVISION
68%
SunPayus
68%
20-22nd fnatic
64%
28-30th GamerLegion
64%
NAF
64%
12-14th paiN
64%
17-19th Astralis
60%
9-11th B8
60%
controlez
60%
Jame
60%
NertZ
60%
ultimate
60%
Graviti
56%
Grim
56%
25-27th Legacy
56%
Lucky
56%
MATYS
56%
25-27th NRG
56%
20-22nd TYLOO
56%
bodyy
52%
device
52%
31-32nd Lynn Vision
52%
biguzera
48%
Ex3rcice
48%
25-27th Fluxo
48%
23-24th FlyQuest
48%
hallzerk
48%
HooXi
48%
jabbi
48%
JT
48%
r1nkle
48%
28-30th RED Canids
48%
20-22nd Aurora
44%
AW
44%
12-14th Imperial
44%
KRIMZ
44%
Magisk
44%
sjuush
44%
Snappi
44%
snow
44%
Staehr
44%
28-30th The Huns
44%
xKacpersky
44%
fEAR
40%
latto
40%
23-24th MIBR
40%
npl
40%
PR
40%
REZ
40%
XANTARES
40%
xiELO
40%
arT
36%
BELCHONOKK
36%
dgt
36%
EmiliaQAQ
36%
headtr1ck
36%
jambo
36%
Jee
36%
Kvem
36%
17-19th M80
36%
nota
36%
31-32nd Rare Atom
36%
alex666
32%
blameF
32%
dav1deuS
32%
dumau
32%
JamYoung
32%
jks
32%
nqz
32%
ztr
32%
Attacker
28%
cobrazera
28%
hypex
28%
INS
28%
jackasmo
28%
Lucaozy
28%
MAJ3R
28%
Mercury
28%
nicx
28%
regali
28%
Sonic
28%
try
28%
Vexite
28%
VINI
28%
woxic
28%
chelo
24%
ewjerkz
24%
insani
24%
jottAAA
24%
Moseyuh
24%
Tauson
24%
drop
20%
esenthial
20%
Jeorge
20%
kensizor
20%
Lake
20%
lux
20%
n1ssim
20%
s1n
20%
Starry
20%
Wicadia
20%
decenty
16%
exit
16%
nin9
16%
noway
16%
Qikert
16%
skullz
16%
slaxz-
16%
Swisher
16%
z4kr
16%
chayJESUS
12%
ChildKing
12%
daps
12%
HexT
12%
history
12%
kauez
12%
venomzera
12%
Westmelon
12%
XotiC
12%
Bart4k
8%
brnz4n
8%
C4LLM3SU3
8%
kl1m
8%
kye
8%
nettik
8%
saadzin
8%
sk0R
8%
Summer
8%
zevy
8%
xerolte
4%
L1haNg
0%
Marek
0%
Tiger
0%
No matching quizzes found
Score Distribution
Percent of People with Each Score
Percentile by Number Answered
Your Score History
You have not taken this quiz